|
|
|
|
| LEADER |
00000nab a2200000 a 4500 |
| 001 |
vtls000244995 |
| 003 |
SK-MaSNL |
| 005 |
20260302211621.0 |
| 008 |
160204c1985 xo 0 slo |
| 015 |
|
|
|a SNBRA19rr/mm-uuuuu
|
| 035 |
|
|
|a CL0255109
|
| 040 |
|
|
|a SNKBUCL
|b slo
|c SNKBUCL
|e AACR2
|
| 041 |
0 |
|
|a slo
|
| 044 |
|
|
|a xo
|c SK
|
| 080 |
|
|
|a 82(091):885.4"18"
|2 1981
|
| 080 |
|
|
|a 885.4"18"
|2 1981
|
| 080 |
|
|
|a 885.4(091)"18"
|2 1981
|
| 080 |
|
|
|a 82.015
|2 1981
|
| 100 |
1 |
|
|a Žemberová, Viera,
|d 1948-
|4 aut
|9 99575
|
| 245 |
1 |
0 |
|a Charakter literárneho romantizmu na Spiši
|c Viera Žemberová
|
| 300 |
|
|
|b Res. rus., nem., angl., lit. 24 zázn.
|
| 650 |
0 |
7 |
|a literatúra umelecká
|x romantizmus
|2 snkbucl
|9 930695
|
| 651 |
|
7 |
|a 5409
|2 snkbucl
|9 284640
|
| 655 |
|
7 |
|a články zo zborníkov
|2 snkbucl
|9 166140
|
| 655 |
|
7 |
|a články z odboru literárna veda a krásna literatúra
|2 snkbucl
|9 770045
|
| 773 |
0 |
|
|t Vlastivedný zborník Spiš 5
|d Košice : Východoslovenské vydavateľstvo, 1985
|g S. 159-172
|
| 850 |
|
|
|a Slovenská národná knižnica v Martine
|a MTA001
|
| 852 |
|
|
|a SNK
|b KIS3GCP
|
| 958 |
|
|
|a NB
|
| 958 |
|
|
|a RK
|
| 958 |
|
|
|a LX
|
| 992 |
|
|
|a RZB
|
| 999 |
|
|
|c 1485912
|d 1487842
|